Hormon po gruczole - Statystyki

Ogólne statystyki
  • Ten quiz został rozwiązany 58 razy
    37 od ostatniego zresetowania
  • Średni wynik to 12 z 24
Statystyki odpowiedzi
Gruczoł Wydzielający Hormon Podstawowe Działanie Hormonu % Poprawnych
Szyszynka Melatonina Nazywany hormonem snu.
96%
Jądra Testosteron Rozwój męskich cech płciowych.
91%
Jajniki Estrogen Rozwój żeńskich cech płciowych.
87%
Trzustka (występki Langerhansa) Insulina Obniża poziom glukozy we krwi, powodując syntezę glikogenu.
87%
Trzustka (występki Langerhansa) Glukagon Podwyższa poziom glukozy we krwi, powodując rozkład glikogenu.
74%
Tarczyca Kalcytonina Hamuje uwalnianie Ca2+ do krwi.
74%
Jajniki Progesteron Przygotowanie do zagnieżdżenia się jaja, przygotowanie gruczołów do laktacji.
74%
Tarczyca Tyroksyna Stymuluje szybkość metabolizmu.
74%
Tylny płat przysadki Oksytocyna Stymuluje skurcze podczas porodu praz wypływ mleka do przewodów mlekowych.
70%
Tylny płat przysadki Wazopresyna Odpowiada za resorpcję wody z moczu.
70%
Przytarczyce Parathormon Stymuluje uwalnianie Ca2+ do krwi. Aktywuje witaminę D.
65%
Kora nadnerczy Kortyzol Pobudza odporność na stres i reakcje przeciwzapalne.
61%
Kora nadnerczy Aldosteron Zwiększa poziom wody i sodu, a zmniejsza potasu we krwi.
43%
Nerki Erytropoetyna Stymuluje powstawanie i dojrzewanie erytrocytów.
43%
Błona śluzowa jelit Serotonina Hormon szczęścia długotrwałego, odpowiada za stany emocjonalne i niski poziom lęków.
43%
Przysadka Endorfiny Daje uczucie gratyfikacji i spełnienia. Znacznie łagodzi ból fizyczny.
39%
Grasica Tymozyna Dojrzewanie limfocytów T podczas odpowiedzi immunologicznej.
39%
Żołądek Gastryna Stymuluje wydzielanie pepsynogenu.
35%
Przedni płat przysadki Tropiny Stymulują inne narządy wewnątrzwydzielnicze.
30%
Dwunastnica (jej śluzówka) Cholecystokinina Stymuluje uwalnianie enzymów trawiennych oraz opróżnienie.
9%
Jajniki Relaksyna Pozwala na rozszerzenie macicy podczas porodu.
9%
Dwunastnica (jej śluzówka) Sekretyna Stymuluje uwalnianie NaHCO3 do soku trzustkowego.
9%
Podwzgórze Czynniki uwalniające i hamujące uwalnianie Kontrolują uwalnianie hormonów swoistych.
4%
Jądra (komórki Sertolego) / Łożysko Inhibina U mężczyzn kontroluje spermatogenezę. U kobiet reguluje cykl miesiączkowy.
4%
Nie znaleziono quizów pasujących do podanych kryteriów
Rozkład punktacji
Procent ludzi z każdym wynikiem
Percentyl według liczby udzielonych odpowiedzi
Twoja historia wyników
Nie rozwiązałeś tego quizu od ostatniego zresetowania